| 000 -LEADER |
| fixed length control field |
00639nam a22001457a 4500 |
| 008 - FIXED-LENGTH DATA ELEMENTS--GENERAL INFORMATION |
| fixed length control field |
250613b ||||| |||| 00| 0 eng d |
| 100 ## - MAIN ENTRY--PERSONAL NAME |
| Personal name |
Reviewed by Mallikarjun Gudadinni and Nabendu Paul |
| 245 ## - TITLE STATEMENT |
| Title |
Unfinished Business: Evolving Capitalism in the World’s Largest Democracy |
| 260 ## - PUBLICATION, DISTRIBUTION, ETC. (IMPRINT) |
| Place of publication, distribution, etc |
Vikalpa: The Journal for Decision Makers |
| 300 ## - PHYSICAL DESCRIPTION |
| Extent |
50(1), Jan-Mar, 2025: p.95-98 |
| 520 ## - SUMMARY, ETC. |
| Summary, etc |
Vijayaraghavan, Nandini. Unfinished Business: Evolving Capitalism in the World’s Largest Democracy: Penguin Bussiness, 2023, 386p. $1,495 |
| 906 ## - LOCAL DATA ELEMENT F, LDF (RLIN) |
| Subject DIP |
BOOK REVIEW |
| 942 ## - ADDED ENTRY ELEMENTS (KOHA) |
| Item type |
Articles |